000 00332nam a2200145Ia 4500
005 20251222144732.0
008 251222s9999||||xx |||||||||||||| ||spa||
020 _a9789707704022
082 _a332.024.008.2/K58
100 _aKiyosaki, Kim
245 0 _aMujer Millonaria
250 _a1ra.ed.
264 _bAguilar
942 _cLIB
999 _c18634
_d18634